000 00329nam a2200133Ia 4500
008 151001s9999||||xx |||||||||||||| ||und||
100 _aमधुसूदन कालेलकर
245 _aपेईग गेस्ट
250 _a1
260 _bसंपन्न
260 _c1981
300 _a143
365 _b18
999 _c961774
_d961771